<?xml version="1.0" encoding="UTF-8"?>
<collection xmlns="http://www.loc.gov/MARC21/slim">
  <record>
    <leader>00000nam  2200000   4500</leader>
    <controlfield tag="001">INLIS000000000013234</controlfield>
    <controlfield tag="005">20220907090011</controlfield>
    <datafield tag="035" ind1="#" ind2="#">
      <subfield code="a">0010-0822000035</subfield>
    </datafield>
    <datafield tag="245" ind1="1" ind2="#">
      <subfield code="a">Sinergitas Penyusunan Sistem Informasi Manajemen Pendapatan Asli Daerah (SIIMA ASLI DAERAH) Sekretariat Daerah Pemerintah Kabupaten Lamandau /</subfield>
      <subfield code="c">Muhamad Irwansyah, S.P., M.P.</subfield>
    </datafield>
    <datafield tag="100" ind1=" " ind2="#">
      <subfield code="a">IRWANSYAH,Muhamad</subfield>
    </datafield>
    <datafield tag="250" ind1="#" ind2="#">
      <subfield code="a">1</subfield>
    </datafield>
    <datafield tag="300" ind1="#" ind2="#">
      <subfield code="a">x,57 halaman.,lampiran :</subfield>
      <subfield code="b">ilustrasi ;</subfield>
      <subfield code="c">30 cm</subfield>
    </datafield>
    <datafield tag="260" ind1="#" ind2="#">
      <subfield code="a">Samarinda :</subfield>
      <subfield code="b">Puslatbang KDOD,</subfield>
      <subfield code="c">2020</subfield>
    </datafield>
    <datafield tag="084" ind1="#" ind2="#">
      <subfield code="a">PKN 320 2020</subfield>
    </datafield>
    <datafield tag="520" ind1="#" ind2="#">
      <subfield code="a">Laporan proyek perubahan ini menjelaskan Pendapatan Asli Daerah (PAD) tidak  mampu menjadi sumber pendapatan utama dan belum ada realisasi penerimaan yang bersumber dari pajak sarang burung wallet dan retribusi IMB serta PBB dan BPHTB serta kebutuhan dalam membangun sinergitas terkait system informasi PAD Kabupaten Lamandau. Inovasi Sinergiatas Penyusunan Sistem Informasi Manajemen Pendapatan Asli Daerah (SIIMA ASLI DAERAH) memfokuskan pemutakhiran data potensi pendapatan sehingga pengelola pendapatan daerah mampu menyediakan data akurat dalam pelaksanaan tugas pelayanan kepada wajib pajak daerah dan retrebusi daerah.</subfield>
    </datafield>
    <datafield tag="500" ind1="#" ind2="#">
      <subfield code="a">Coach:Prof. Dr. Sugeng Haryadi, MBA&#13;
Penguji:Dr. Muhammad Firdaus, MBA&#13;
Mentor:Hendra Lesmana</subfield>
    </datafield>
    <controlfield tag="008">220907################|##########|#|##</controlfield>
    <datafield tag="650" ind1="#" ind2="4">
      <subfield code="a">Proyek Perubahan</subfield>
    </datafield>
    <datafield tag="650" ind1="#" ind2="4">
      <subfield code="a">Kepemimpinan Nasional Tingkat II</subfield>
    </datafield>
    <datafield tag="650" ind1="#" ind2="4">
      <subfield code="a">sistem informasi</subfield>
    </datafield>
    <datafield tag="650" ind1="#" ind2="4">
      <subfield code="a">teknologi informasi</subfield>
    </datafield>
    <datafield tag="650" ind1="#" ind2="4">
      <subfield code="a">manajemen database</subfield>
    </datafield>
    <datafield tag="650" ind1="#" ind2="4">
      <subfield code="a">laporan keuangan</subfield>
    </datafield>
    <datafield tag="650" ind1="#" ind2="4">
      <subfield code="a">wajib pajak</subfield>
    </datafield>
    <datafield tag="650" ind1="#" ind2="4">
      <subfield code="a">pajak negara</subfield>
    </datafield>
    <datafield tag="650" ind1="#" ind2="4">
      <subfield code="a">pendapatan daerah</subfield>
    </datafield>
    <datafield tag="990" ind1="#" ind2="#">
      <subfield code="a">PKN/320/2020</subfield>
    </datafield>
  </record>
</collection>
